00323nam a2200121Ia 4500008004100000041000800041082001600049100001700065245004500082260003300127300003200160365000900192240624s9999 xx 000 0 und d aeng a658.314 SEN aSEN SYAMAL K aZERO A LANDMARK DISCOVERY THE DREADFUL V c2016aLondonbAcademic Press aviii, : 157 : p. : cm. ; 23 cb30